000 00700nam a2200217Ii 4500
003 JO-AjNU
008 230606s9999||||xx |||||||||||||| ||und||
020 _a978-0-470-41439-2
040 _aJO-AjNU
_beng
_erda
_cJO-AjNU
041 _aeng
050 1 4 _aHB172.B864 2009
100 3 _aBrowning,Edgar K /Zupan,Mark A,
_eauthor
_95352
245 0 0 _aMacroeconomics : Theory & Applications : International Student Version
250 _a9 ed
264 3 1 _aNew York : John Wiley and Sons,2009
300 _a618p
_bIncludes glossary indexes(p605-618)
336 _atext
_btxt
_2rdacontent
337 _aunmediated
_bn
_2rdamedia
338 _avolume
_bnc
_2rdacarrier
650 4 _aMacroeconomics
_95353
999 _aE2764
_c2762
_d2762